Plan de actividades culturales de apoyo a la educación primaria : área de interés artístico : módulo de música : la música, los niños y la imaginaciàn.

I tiakina i:
Ngā taipitopito rārangi puna kōrero
Kaituhi rangatōpū: Consejo Nacional para la Cultura y las Artes (México)
Hōputu: Pukapuka
Reo:Pāniora
Rangatū:(PACAEP ; no. 8)
Ngā marau:
Ngā Tūtohu: Tāpirihia he Tūtohu
Kāore He Tūtohu, Me noho koe te mea tuatahi ki te tūtohu i tēnei pūkete!

MARC

LEADER 00000cam^a2200000uu^4500
001 000475958
005 20250521000000.0
008 050901s1990^^^^^^^^^^^^rd^r^^000^0^spa^d
009 20260310124815.236
035 |a FCE 000018825 
035 |a FCE 023703 
037 |a Acervo ITESO - Biblioteca 
041 |a spa 
082 0 4 |a 372.19  |b PACAEP 8 
110 |a Consejo Nacional para la Cultura y las Artes (México) 
245 1 0 |a Plan de actividades culturales de apoyo a la educación primaria :  |b área de interés artístico : módulo de música : la música, los niños y la imaginaciàn. 
264 |a México :  |b SEP,  |c 1990. 
300 |a 126 p. 
336 |a texto  |b txt  |2 rdacontenido 
337 |a sin mediación  |b n  |2 rdamedio 
338 |a volumen  |b nc  |2 rdasoporte 
440 0 |a (PACAEP ;  |v no. 8) 
649 |a XX 
650 |a Programa de educación 
650 |a Método de enseñanza 
650 |a Educación y cultura 
650 |a Capacitación del docente 
650 |a Niño 
650 |a Objetivo educativo 
650 |a Antología 
650 |a Técnica 
650 |a Alternativas educativas 
650 |a Guía del docente 
650 |a Educación musical 
650 |a Aspecto cultural 
650 |a Actividad cultural 
650 |a Expresión artística 
650 |a Percepción auditiva 
650 |a Investigación educativa 
910 |a Fondo Centro de Estudios Educativos 
920 |a Impresos - Libros 
930 |a Fondos Especiales 
905 |a 133 
901 |a ALE023703  |b IT2  |c CEE  |u 20250521 
902 |a https://opac.biblio.iteso.mx/vufind/Record/000475958